000 00719nam a2200289Ia 4500
005 20260324145217.0
008 008 260324s9999 xx 000 0 eng d
020 _a9780429313905
037 _aEBOOK
040 _aCRL
040 _beng
040 _cCRL
041 _2eng
041 _aeng
084 _qCRL
100 _aWilliam E Westermeyer
_91222148
245 4 _aThe Politics Of Mineral Resource Development In Antarctica
245 0 _bAlternative Regimes For The Future
260 _bTaylor and Francis
260 _c1984
365 _a
365 _b205
856 _uhttp://www.taylorfrancis.com/books/9780429313905
942 _cEBOOK
999 _c1829745
_d1829745